| 000 | 01418nam a2200313 a 4500 | ||
|---|---|---|---|
| 001 | BRL_1877 | ||
| 005 | 20190320211418.0 | ||
| 008 | 120815s1955----mx-aeo####---#000-0#spa-# | ||
| 041 | _aspa | ||
| 044 | _amx | ||
| 050 | 4 |
_aF1219 _b.S34 1955 |
|
| 100 | 1 |
_aSahagun, Fray Bernardino de _d1499-1590. _910071 |
|
| 245 | 1 | 0 |
_aHistoria general de las cosas de Nueva España _cFr. Bernardino de Sahagun ; nota preliminar, bibliografía, notas, revisión y guía para estudiar a Sahagún del etnólogo Miguel Acosta Saignes. |
| 260 |
_aMéxico _bEditorial Alfa _c1955 |
||
| 300 |
_a3 v. _bil. _c19 cm. |
||
| 500 | _at.1 Au1917, t.2 Au1916, t.3 Au1915 | ||
| 500 | _aEstado físico: El t.1 tiene despredido el lomo y no tiene parte de la pasta, y el t.2 tiene el lomo desprendido. | ||
| 500 | _aVer también número de sistema 3868 perteneciente al Fondo General Franz Mayer, 1938. | ||
| 505 | 0 | _aContenido: t.1 Contiene los libros I al VI - t.2 Contine los libros VII al XI - t.3 Contiene el libro XII, guía para estudiar a Sahagún, índice análitico e índice general. | |
| 650 | 1 | 4 |
_aAztecas _92396 |
| 650 | 1 | 4 |
_aHistoria natural _910072 |
| 650 | 1 | 4 |
_aCalendario mexicano _98542 |
| 650 | 1 | 4 |
_aIndios de México _xAntigüedades _928111 |
| 650 | 1 | 4 |
_aNahuatl _vtextos _910074 |
| 651 | 4 |
_aMéxico _xHistoria _yConquista, 1519-1540 _9442 |
|
| 700 | 1 |
_aAcosta Saignes, Miguel _928112 |
|
| 902 | _aGRL | ||
| 942 |
_2lcc _cB |
||
| 999 |
_c10685 _d10685 |
||